000 00423nam a2200157 4500
003 SEACOMEC
005 20251105112829.0
008 251105b |||||||| |||| 00| 0 eng d
020 _a8125929029
_c140.00
040 _aSEACOMEC
082 _a333.7
_bD229
100 _a Das Mohapatra, Gourkrishna
245 _aEnvironment and Ecology
_cGourkrishna Das Mohapatra
260 _aKolkata :
_bVikas Pub.
_c2007
942 _cBOOK
999 _c2623
_d2623